000 00676cam a2200217 a 4500
001 000007724
005 20200929154257.0
008 920306s1988 sp 001 f spa
020 _a8433917579
040 _aDO-SdBNP
_dBNPHU
082 _a863.64
_bA634m
100 1 _aAntolín Rato, Mariano
_d1943-
_921398
245 1 0 _aMar desterrado /
_cMariano Antolín Rato.
260 _aBarcelona :
_bAnagrama,
_c1988.
300 _a238 p. ;
_c20 cm.
490 1 _aNarrativas hispánicas
_vno. 58
650 4 _aNovela española
_91123
650 4 _aLiteratura española
_ySIGLO XX
_93326
830 0 _aNarrativas hispánicas ;
_vno. 58.
_921236
910 _aCatalogación por copia / LC
999 _c7502
_d7502